Suplemento especial nuevo código civil y comercial de la nación Ley 26.994 : Implicancias para el profesional en ciencias económicas.

Guardado en:
Formato: Seriadas
Idioma:Spanish
Publicado: Buenos Aires : Thomson Reuters, 2014.
Materias:
Etiquetas: Agregar Etiqueta
Sin Etiquetas, Sea el primero en etiquetar este registro!
LEADER 00609nas a22001335a 4500
001 DER.der012827
008 180615s2014####|||||#|||||||||###||spa||
005 20241028112830.0
245 1 0 |a Suplemento especial nuevo código civil y comercial de la nación Ley 26.994 :  |b Implicancias para el profesional en ciencias económicas. 
260 |a Buenos Aires :  |b Thomson Reuters,  |c 2014. 
300 |a 86 p. 
500 |a Tributario. Economía y finanzas. Concursos y quiebras. Contabilidad y auditoría. Implicancias generales. Legislación relacionada. 
650 7 |a DERECHO TRIBUTARIO 
859 |a DERECHO  |b BIB. DERECHO  |h 343.04  |i SUP  |p 007945